01336nam a2200409 i 450000100060000000300090000600500170001500800410003201500170007302000180009004000280010804600090013608000150014508000080016008000090016810000430017724500950022026000480031530000330036333600270039633700540042333800280047738000160050538000270052138500390054838800090058750400340059665000180063065000120064865000160066065500170067665800340069365800300072770000370075771000340079485600980082854824KOSZ 00520251127114940.0080110s2007 pl a f |001 0 pol  aPB 2008/4661 a9788301151447 aWA NcWA NdKOSZ 005/HR k2007 a640.41/.42 a005 a(07)1 aBorkowski, StanisławeAutord(1945- )10aJakość i efektywność usług hotelarskich /cStanisław Borkowski, Ewa Wszendybył. aWarszawa :bWydawnictwo Naukowe PWN,c2007. a233, [1] s. :bil. ;c24 cm. 2rdacontentaTekstbtxt 2rdamediaaBez urządzenia pośredniczącegobn 2rdacarrieraWoluminbnc aKsiążki aPublikacje dydaktyczne mPoziom nauczaniaaSzkoły wyższe a2001 aBibliogr. przy rozdz. Indeks. 4aZarządzanie 4aUsługi 4aHotelarstwo 4aPodręcznik aGospodarka, ekonomia, finanse aZarządzanie i marketing1 aWszendybył-Skulska, Ewa.eAutor2 aWydawnictwo Naukowe PWN4pbl. uhttp://koha.tu.koszalin.pl/cgi-bin/koha/opac-detail.pl?biblionumber=54824yKatalog online BPK